000 01754nam a2200229 a 4500
001 000039704
005 20201002033705.0
008 130716s1968 sp 000 f spa d
040 _aDO-SdBNP
_bspa
_cBNPHU
082 _a808.831
_bA634m, 1968
245 0 0 _aAntología de las mejores novelas policíacas /
_cselección José A. Llorens ; prólogo Enrique Sordo.
250 _a8a ed.
260 _aBarcelona :
_bEdiciones Acervo,
_c1968.
300 _av. ;
_c20 cm.
500 _aLa biblioteca posee el v.8
505 0 _tLos asesinos de la calle Morgue /
_rEdgar A. Poe --
_tEl velo negro /
_rCharles Dickens --
_tLa mano /
_rGuy de Maupassant --
_tEl ritual de los Musgrave /
_rConan Doyle --
_tLas manos del señor Ottermole /
_rThomas Burke --
_tPisadas extrañas /
_rG. K. Chesterton --
_tLa caída de Mr. Reader /
_rEdgar Wallace --
_tVilla Filomela /
_rAgatha Christie --
_tEl juez corrobora /
_rJ. S. Fletcher --
_tSangre de actor /
_rBen Hecht --
_tEl cuadro de Greuze /
_rFreeman Willis Crofts --
_tEl hombre de los dos sacos /
_rE. Phillips Oppenheim --
_t¿Sigue mi camino? /
_rGeorge Harmon Coxe --
_tEl simulador /
_rStuart Plamer --
_tEl caballo de París /
_rJhon Dickson Carr --
_tBajo pena de muerte /
_rGeorges Simenon --
_tLas dos botellas de salsa /
_rLord Dunsany --
_tLa aventura de la acróbata colgante /
_rEllery Queen --
_tCrimen imperfecto /
_rI. Covarrubias --
_tGay Falcón /
_rMichael Arlen --
_tEl asesino viajaba en el mismo tren/
_rDavid Savage --
_tLos cuatro amigos del doctor /
_rGeorge Joseph --
_tPapá Benjamin /
_rWilliam Iris
650 4 _aNovela policíaca
_xColecciones
_950055
650 4 _aLiteratura
_xColecciones
_940253
700 1 2 _aLlorens, José A.
_94194
700 1 2 _aSordo, Enrique,
_epról.
_94033
910 _aValidado. Control de calidad MFF
999 _c39194
_d39194